PC - prostorové modelování

Na minha lista:
Detalhes bibliográficos
Autor principal: Pelikán, Josef (Author)
Formato: Livro
Idioma:tcheco
Publicado em: Praha : Grada, 1992
Colecção:EDUCA'99
Tags: Adicionar Tag
Sem tags, seja o primeiro a adicionar uma tag!

MARC

LEADER 00000nam a22000003a 4500
001 stu27751
005 20150617225740.4
008 950102s1992----cs------------------cze-d
020 |a 80-85424-53-3 
040 |a STU  |b slo 
041 0 |a cze 
044 |a cs 
080 |a 519.6 
100 1 |a Pelikán, Josef  |4 aut 
245 1 |a PC - prostorové modelování 
260 |a Praha :  |b Grada,  |c 1992 
300 |a 144 s 
830 0 |a EDUCA'99 
996 |b 284V028213  |c V*42973/O-18481  |l VVT  |s A  |a 24  |w stu27751_0001